00485 a2200157 4500000002100000001000700021005001700028008004100045020001800086082002100104100001800125245011900143260003900262300001000301630001600311BKB 14563520200902170957.0  a9788132106449 a305.560954bC35E1 aChalam, K. S.1 aEconomic reforms and social exclusion : impact of liberalization on marginalized groups in Indiacby K. S. Chalam aNew DelhibSage Publicationsc2011 a224p. aSocial Work